Films code-barres #2 - Statistiques

Statistiques générales
  • Ce quiz a été pris 21 fois
  • Le résultat moyen est 3 sur 10
Statistiques - réponses
Par images Hint Réponse % Correct
(2022) Avatar : la Voie de l'eau
78%
(2023) Barbie
78%
(2021) Dune
33%
(2011) Harry Potter et les reliques de la mort - 2ème partie
22%
(2014) Interstellar
22%
(1997) Titanic
22%
(2005) Star Wars, épisode III : La Revanche des Sith
17%
(1982) Blade Runner
11%
(2014) Le Hobbit : la bataille des cinq armées
6%
(2008) The Dark Knight
6%
Aucun quiz correspondant
Distribution des résultats
% des personnes avec chaque résultat
Percentile par nombre de réponses
Votre historique - résultats
Vous n’avez pas pris ce quiz